Stolicę Ameryki Południowej - Statystyki

Ogólne statystyki
  • Ten quiz został rozwiązany 11 razy
    10 od ostatniego zresetowania
  • Średni wynik to 7 z 14
Statystyki odpowiedzi
Hint Odpowiedź % Poprawnych
Chile Santiago
100%
Brazylia Brasil
90%
Argentyna Buenos Aires
80%
Peru Lima
80%
Ekwador Quito
70%
Paragwaj Asunción
60%
Kolumbia Bogota
60%
Wenezuela Caracas
50%
Gujana Georgetown
50%
Surinam Paramaribo
30%
Boliwia Sucre,La Paz
10%
Gujana Francuska Kajenna
0%
Urugwaj Montevido
0%
Flaklandy Stanley
0%
Nie znaleziono quizów pasujących do podanych kryteriów
Rozkład punktacji
Procent ludzi z każdym wynikiem
Percentyl według liczby udzielonych odpowiedzi
Twoja historia wyników
Nie rozwiązałeś tego quizu od ostatniego zresetowania